01400nam a2200337Ia 4500001001200000003000800012006001900020007001500039008004100054010001700095020001500112020001800127020001800145040002100163035002100184050002400205245015200229260006900381300002400450490002100474504004100495533015200536650006100688650007900749655002900828700002000857710001700877830002500894856012600919999001701045ebr10684321CaPaEBRm u cr cn|||||||||081219s2009 dcua sb 000 0 eng d z 2008941993 z0883851849 z9780883851845 z9780883859742 aCaPaEBRcCaPaEBR a(OCoLC)79667665114aQA13b.R4768 2009eb00aResources for teaching discrete mathematicsh[electronic resource] :bclassroom projects, history modules, and articles /cedited by Brian Hopkins. aWashington, D.C. :bMathematical Association of America,cc2009. axiv, 323 p. :bill.1 aMAA notes ;v#74 aIncludes bibliographical references. aElectronic reproduction.bPalo Alto, Calif. :cebrary,d2013.nAvailable via World Wide Web.nAccess may be limited to ebrary affiliated libraries. 0aMathematicsxStudy and teaching (Higher)zUnited States. 0aComputer sciencexMathematicsxStudy and teaching (Higher)zUnited States. 7aElectronic books.2local1 aHopkins, Brian.2 aebrary, Inc. 0aMAA notes ;vno. 74.40uhttp://site.ebrary.com/lib/rucke/Doc?id=10684321zAn electronic book accessible through the World Wide Web; click to view c31869d31869